House S2 Episode-Diagnosis Match - HARD Quiz Stats

 Plays Quiz not verified by Sporcle

Challenge
Share
Tweet
Embed
Score 0/24 Timer 18:00
0 Plays Today
% Correct
Testicular cancer
94.1%
Clostridium perfringens infection, Munchausen syndrome
90.9%
Tick Paralysis
90.9%
Legionellosis (induced) and Primary amoebic meningoencephalitis
90.9%
Erdheim-Chester disease
90.4%
Gold Poisoning
89.3%
Tuberous sclerosis, Herpes encephalitis
89.3%
Legionellosis
88.8%
Methanol poisoning and Adrenaline producing tumor
86.6%
Radiation induced cavernous angioma and radiation sickness
86.6%
Bubonic Plague
86.6%
Pellagra and Vitamin K deficiency caused by Celiac disease Postpartum psychosis
86.6%
% Correct
Hallucination from trauma
86.6%
Psittacosis
84.5%
Cerebral Malaria
84.5%
Brain thrombosis (clot)
84%
Behcet's disease, Perforated ulcer, sepsis, liver failure, hepatoma
84%
Serotonin syndrome
82.4%
Echinococcosis
80.2%
Zygomycosis
80.2%
Nesidioblastoma (insulin producing tumor)
79.7%
Myasthenia gravis, pure red cell aplasia, thymoma
78.6%
Brucellosis
77%
Hepatocellular adenoma
74.3%

You're not logged in!

Compare scores with friends on all Sporcle quizzes.
Join for Free
OR
Log In

You Might Also Like...

Show Comments

Extras

Top Quizzes Today


Score Distribution

Your Account Isn't Verified!

In order to create a playlist on Sporcle, you need to verify the email address you used during registration. Go to your Sporcle Settings to finish the process.

Report this User

Report this user for behavior that violates our Community Guidelines.

Details: